ბათუმის შოთა რუსთაველის სახელმწიფო უნივერსიტეტის ბიბლიოთეკა

მხოლოდ გული. (ბიბ.ჩანაწერი № 44052)

000 -LEADER
fixed length control field 00606nam a2200193Ia 4500
001 - CONTROL NUMBER
control field 10804
003 - CONTROL NUMBER IDENTIFIER
control field GE_BSU
008 - FIXED-LENGTH DATA ELEMENTS--GENERAL INFORMATION
fixed length control field 181216s||||||||xx |||||||||||||| ||und||
040 ## - CATALOGING SOURCE
Transcribing agency GE_BSU
080 ## - UNIVERSAL DECIMAL CLASSIFICATION NUMBER
Universal Decimal Classification number 821.353.1-1
100 ## - MAIN ENTRY--PERSONAL NAME
Personal name ქათამაძე,ჯემალ
245 ## - TITLE STATEMENT
Title მხოლოდ გული.
245 ## - TITLE STATEMENT
Remainder of title ლექსები.
245 ## - TITLE STATEMENT
Statement of responsibility, etc. რედ.ჯემალ ჯაყელი;მხატვ.მ.აბაშიძე.
300 ## - PHYSICAL DESCRIPTION
Extent 90გვ;17სმ.
300 ## - PHYSICAL DESCRIPTION
Accompanying material ფოტო გარეკანზე.
653 ## - INDEX TERM--UNCONTROLLED
Uncontrolled term მხოლოდ გული.
942 ## - ADDED ENTRY ELEMENTS (KOHA)
Koha item type წიგნი
ეგზემპლარები
Withdrawn status Lost status Damaged status Not for loan Date acquired Barcode Date last seen Price effective from Koha item type
        2018-12-17 35278 2018-12-17 2018-12-17 წიგნი
        2018-12-17 35279 2018-12-17 2018-12-17 წიგნი